Fundamentals of statistics (Record no. 395584)

MARC details
000 -LEADER
fixed length control field 00514 a2200205 4500
005 - DATE & TIME
control field 20260210105956.0
008 - FIXED-LENGTH DATA ELEMENTS--GENERAL INFORMATION
fixed length control field 260209b |||||||| |||| 00| 0 eng d
020 ## - ISBN
International Standard Book Number 9789356937499
Price Rs. 1098.00
040 ## - CATALOGING SOURCE
Original cataloging agency VIVEKANANDA LIBRARY
082 ## - DDC NUMBER
Classification number 519.5
Book Number G959F(8)
100 ## - MAIN ENTRY--PERSONAL NAME
Personal name Gupta, S C
245 ## - TITLE STATEMENT
Title Fundamentals of statistics
250 ## - EDITION STATEMENT
Edition statement 8th
260 ## - PUBLICATION, DISTRIBUTION, ETC. (IMPRINT)
Name of publisher, distributor, etc Himalaya Publishing House
Date of publication, distribution, etc 2025
Place of publication, distribution, etc Mumbai
300 ## - PHYSICAL DESCRIPTION
Pages v.
650 ## - Subject
Subject Statistics
650 ## - Subject
Subject Data Collection
700 ## - Added Entry Personal Name
Added Entry Personal Name Gupta, Indra, ed.
942 ## - ADDED ENTRY ELEMENTS (KOHA)
Koha item type Books
Holdings
Withdrawn status Lost status Source of classification or shelving scheme Damaged status Not for loan Location (home branch) Sublocation or collection (holding branch) Shelving location Date acquired Koha issues (times borrowed) Koha full call number Accession No. Koha date last seen Koha item type
    Dewey Decimal Classification     VIVEKANANDA LIBRARY VIVEKANANDA LIBRARY IHTM Library 05/01/2026   519.5 G959F(8) 425180 05/01/2026 Books
© Designed and Maintained by Vivekananda Library, MDU Rohtak